[Event "SA Championship"]
[Site "Adelaide"]
[Date "1993.??.??"]
[Round "1"]
[White "Goldsmith, Alan D"]
[Black "Hunter, Daniel M"]
[Result "0-1"]
[WhiteElo "1971"]
[BlackElo "1659"]
[PlyCount "84"]
[EventDate "1993.??.??"]
[EventType "tourn"]
[EventRounds "11"]
[EventCountry "AUS"]

1. f4 e5 2. fxe5 d6 3. Nf3 dxe5 4. e4 Nc6 5. c3 Nf6 6. Qe2 Bc5 7. b4 Bb6 8. b5
Ng4 9. bxc6 Bf2+ 10. Qxf2 Nxf2 11. Kxf2 O-O 12. Ba3 Re8 13. Bb5 Re6 14. Rf1 a6
15. Bc4 Rxc6 16. Bd5 Rf6 17. Kg1 c6 18. Bc4 b5 19. Be2 Qb6+ 20. Kh1 Bg4 21. Be7
Rf4 22. Bd3 f6 23. Ba3 f5 24. Bb2 fxe4 25. Nxe5 Rxf1+ 26. Bxf1 Rf8 27. Na3 Qf2
28. h3 Be2 29. Bxe2 Qxe2 30. Rg1 Qxd2 31. Ba1 Qd6 32. Nxb5 axb5 33. Ng4 h5 34.
Nh2 Qd3 35. Bb2 Rf2 36. Bc1 e3 37. Nf3 e2 38. Ne1 Qd1 39. Be3 Rf1 40. Nf3 Rxf3
41. gxf3 Qxg1+ 42. Bxg1 e1=Q 0-1

[Event "SA Championship"]
[Site "Adelaide"]
[Date "1993.??.??"]
[Round "1"]
[White "Speck, Nicholas S"]
[Black "Djelaj, Pasko"]
[Result "1-0"]
[WhiteElo "2115"]
[BlackElo "1740"]
[PlyCount "69"]
[EventDate "1993.??.??"]
[EventType "tourn"]
[EventRounds "11"]
[EventCountry "AUS"]

1. e4 c5 2. Nf3 Nc6 3. d4 cxd4 4. Nxd4 g6 5. c4 Bg7 6. Be3 a6 7. Nc3 d6 8. Be2
Bd7 9. O-O Nf6 10. f3 O-O 11. Qd2 Rc8 12. Rac1 Ne5 13. Nd5 Nc6 14. Nb3 Nxd5 15.
cxd5 Nb8 16. Na5 Rxc1 17. Rxc1 Bc8 18. Qb4 b5 19. a4 f5 20. axb5 axb5 21. Bxb5
f4 22. Bf2 Na6 23. Bxa6 Bxa6 24. Nc6 Qe8 25. Ra1 Be2 26. Ra7 Bf6 27. Bd4 e5 28.
Bf2 Rf7 29. Rxf7 Kxf7 30. Qxd6 Qa8 31. Nxe5+ Kg7 32. Qd7+ Kh8 33. Nf7+ Kg7 34.
Ng5+ Kh6 35. Qxh7+ 1-0

[Event "SA Championship"]
[Site "Adelaide"]
[Date "1993.??.??"]
[Round "1"]
[White "Cowley, Robert G"]
[Black "Tanti, Joseph G"]
[Result "1-0"]
[WhiteElo "2057"]
[BlackElo "1711"]
[PlyCount "81"]
[EventDate "1993.??.??"]
[EventType "tourn"]
[EventRounds "11"]
[EventCountry "AUS"]

1. e4 e5 2. Nf3 Nf6 3. Nxe5 d6 4. Nf3 Nxe4 5. d3 Nf6 6. d4 d5 7. Bd3 Bd6 8. O-O
O-O 9. Bg5 Bg4 10. Nbd2 Nbd7 11. c3 b6 12. Re1 c5 13. Qc2 Qc7 14. h3 Bh5 15.
Re3 c4 16. Bf5 h6 17. Bxf6 Nxf6 18. g4 Bf4 19. Re2 Bxd2 20. Qxd2 Bg6 21. Ne5
Bxf5 22. gxf5 Ne4 23. Qf4 Qe7 24. f3 Qg5+ 25. Qxg5 Nxg5 26. Kg2 Rfe8 27. Rae1
Nh7 28. Nc6 Nf6 29. Rxe8+ Rxe8 30. Rxe8+ Nxe8 31. Ne7+ Kf8 32. Nxd5 Nd6 33. f6
g6 34. Kg3 Ke8 35. Kf4 Kd7 36. Ke5 Nf5 37. f4 b5 38. b3 cxb3 39. axb3 h5 40. c4
bxc4 41. bxc4 1-0

[Event "SA Championship"]
[Site "Adelaide"]
[Date "1993.??.??"]
[Round "1"]
[White "Freytag, Justin"]
[Black "Benham, Christopher"]
[Result "1-0"]
[WhiteElo "1995"]
[BlackElo "1703"]
[PlyCount "65"]
[EventDate "1993.??.??"]
[EventType "tourn"]
[EventRounds "11"]
[EventCountry "AUS"]

1. e4 e6 2. d4 d5 3. Nc3 Bb4 4. e5 Qd7 5. Bd3 b6 6. Nf3 Ba6 7. O-O Bxd3 8. Qxd3
Nc6 9. Ne2 Bf8 10. c3 Nge7 11. Ng3 h5 12. Nh4 O-O-O 13. b4 Kb7 14. Bg5 Re8 15.
a4 a6 16. Rfb1 Nb8 17. Qf3 Nec6 18. Ne2 Be7 19. Bxe7 Qxe7 20. g3 Nd7 21. c4
Ncxe5 22. dxe5 Nxe5 23. Qc3 Nxc4 24. Ng2 g5 25. Ne3 Nxe3 26. fxe3 h4 27. Rc1
hxg3 28. Nxg3 Rh4 29. Qc6+ Kb8 30. a5 Rxb4 31. axb6 Rxb6 32. Rcb1 Rxb1+ 33.
Rxb1+ 1-0

[Event "SA Championship"]
[Site "Adelaide"]
[Date "1993.??.??"]
[Round "2"]
[White "Ayris, Tony"]
[Black "Stokes, Brett"]
[Result "1-0"]
[WhiteElo "1883"]
[BlackElo "1741"]
[PlyCount "127"]
[EventDate "1993.??.??"]
[EventType "tourn"]
[EventRounds "11"]
[EventCountry "AUS"]

1. e4 e6 2. d4 d5 3. Nd2 a6 4. Bd3 dxe4 5. Nxe4 Be7 6. Nf3 f5 7. Ng3 Nf6 8. Qe2
Nc6 9. c3 h6 10. h4 g6 11. Bd2 Kf7 12. O-O-O b5 13. Rhe1 Kg7 14. Bc2 b4 15. c4
Re8 16. Ba4 Bd7 17. h5 g5 18. Bxc6 Bxc6 19. Qxe6 Bd7 20. Nxf5+ Kf8 21. Qe5 Bd6
22. Qa5 Ne4 23. Nxd6 cxd6 24. Qxd8 Raxd8 25. Bxb4 Bg4 26. Re2 Kf7 27. Rde1 Nf6
28. Rxe8 Nxe8 29. d5 Nf6 30. Nd4 Nxh5 31. Nc6 Rd7 32. Bxd6 Rxd6 33. Ne5+ Kg7
34. Nxg4 Nf4 35. Re7+ Kg6 36. g3 Nh3 37. Re6+ Rxe6 38. dxe6 h5 39. e7 Kf7 40.
Nf6 Kxe7 41. Nxh5 Nxf2 42. Kd2 Kf7 43. Ke2 Ng4 44. c5 Ne5 45. b4 Nc6 46. a3 a5
47. bxa5 Ke6 48. Ng7+ Kd5 49. a6 g4 50. Nf5 Kxc5 51. Ne7 Na7 52. Ke3 Kb6 53.
Kd4 Nb5+ 54. Ke4 Nxa3 55. Kf4 Nc4 56. Kxg4 Ne5+ 57. Kf5 Nf7 58. Kf6 Nh6 59.
Nd5+ Kxa6 60. Ne3 Ng8+ 61. Kf7 Nh6+ 62. Kg6 Ng8 63. Nf5 Kb6 64. Kg7 1-0

[Event "SA Championship"]
[Site "Adelaide"]
[Date "1993.??.??"]
[Round "2"]
[White "Tanti, Joseph G"]
[Black "Benham, Christopher"]
[Result "1-0"]
[WhiteElo "1711"]
[BlackElo "1703"]
[PlyCount "83"]
[EventDate "1993.??.??"]
[EventType "tourn"]
[EventRounds "11"]
[EventCountry "AUS"]

1. e4 g6 2. d4 Bg7 3. Nc3 c6 4. f4 d5 5. e5 h5 6. Be3 Nh6 7. Qd2 Ng4 8. O-O-O
Bf5 9. Nge2 Nxe3 10. Qxe3 Nd7 11. h3 b5 12. Ng3 e6 13. Nxf5 gxf5 14. Qg3 Bf8
15. h4 Qa5 16. a3 Rb8 17. Nb1 b4 18. axb4 Rxb4 19. c3 Rb3 20. Qd3 Qa2 21. Rd2
a5 22. Be2 Nb6 23. Bd1 Rb5 24. b4 Qa1 25. Qe2 Na4 26. Ra2 Nxc3 27. Rxa1 Nxe2+
28. Bxe2 Rxb4 29. Rxa5 Rxd4 30. Rh3 Rxf4 31. Rb3 Be7 32. Rb8+ Bd8 33. Rxd8+
Kxd8 34. Ra8+ Ke7 35. Rxh8 Rxh4 36. Rxh5 Re4 37. Kd2 Rxe5 38. Bf3 c5 39. Rh1 f4
40. Rh4 Rf5 41. Rh5 Rxh5 42. Bxh5 1-0

[Event "SA Championship"]
[Site "Adelaide"]
[Date "1993.??.??"]
[Round "2"]
[White "Speck, Nicholas S"]
[Black "Goldsmith, Alan D"]
[Result "0-1"]
[WhiteElo "2115"]
[BlackElo "1971"]
[PlyCount "58"]
[EventDate "1993.??.??"]
[EventType "tourn"]
[EventRounds "11"]
[EventCountry "AUS"]

1. e4 c6 2. d4 d5 3. exd5 Nf6 4. dxc6 e5 5. c7 Qxc7 6. dxe5 Ng4 7. Bb5+ Nc6 8.
Nf3 Bd7 9. O-O O-O-O 10. Nc3 Be6 11. Qe2 Nd4 12. Nxd4 Rxd4 13. h3 Nxe5 14. Be3
Rh4 15. Bg5 Ng4 16. g3 Rxh3 17. Bf4 Bd6 18. Bxd6 Qxd6 19. Ne4 Qe5 20. Rad1 Kb8
21. Nd6 Bd5 22. Rxd5 Qxd5 23. Qe4 Qxe4 24. Nxe4 Rh5 25. Be2 Re5 26. Bf3 Rd8 27.
Kg2 f5 28. Ng5 Rd2 29. Bd1 Ne3+ 0-1

[Event "SA Championship"]
[Site "Adelaide"]
[Date "1993.??.??"]
[Round "2"]
[White "Cowley, Robert G"]
[Black "Freytag, Justin"]
[Result "1-0"]
[WhiteElo "2057"]
[BlackElo "1995"]
[Annotator "Roland Eime"]
[PlyCount "70"]
[EventDate "1993.??.??"]
[EventType "tourn"]
[EventRounds "11"]
[EventCountry "AUS"]

1. Nc3 e5 2. Nf3 Nc6 3. d4 exd4 4. Nxd4 g6 5. e4 Bg7 6. Be3 Nge7 7. Bc4 O-O 8.
Qd2 Kh8 9. O-O-O d6 10. h4 h5 11. g3 Ne5 12. Be2 d5 13. Nb3 c6 14. exd5 cxd5
15. Nxd5 Nf5 16. Bg5 f6 17. Bf4 Be6 18. g4 Ne7 19. Nxe7 Qxe7 20. Qd6 Qf7 21.
gxh5 gxh5 22. Kb1 Rfc8 23. Rd2 a5 24. Nc1 Rc6 25. Qd4 Rac8 26. Qe4 f5 27. Qe3
Qf6 28. Bg5 Qf7 29. Rhd1 b5 30. Rd8+ Kh7 31. Rxc8 Rxc8 32. Bxb5 Rb8 33. a4 Nc4
34. Qf4 Rb7 35. Nd3 Nxb2 {and B lost on time.} 1-0

[Event "SA Championship"]
[Site "Adelaide"]
[Date "1993.??.??"]
[Round "3"]
[White "Speck, Nicholas S"]
[Black "Tanti, Joseph G"]
[Result "1-0"]
[WhiteElo "2115"]
[BlackElo "1711"]
[PlyCount "37"]
[EventDate "1993.??.??"]
[EventType "tourn"]
[EventRounds "11"]
[EventCountry "AUS"]

1. e4 e5 2. Nf3 Nf6 3. d4 Nxe4 4. Bd3 d5 5. Nxe5 Nd7 6. Qe2 Nxe5 7. Bxe4 dxe4
8. Qxe4 Bb4+ 9. Bd2 O-O 10. Bxb4 f5 11. Qe2 Qxd4 12. Bc3 Qa4 13. Bxe5 Re8 14.
O-O Bd7 15. Nc3 Qh4 16. f4 Re6 17. Rad1 Be8 18. Qf2 Qg4 19. Qg3 1-0

[Event "SA Championship"]
[Site "Adelaide"]
[Date "1993.??.??"]
[Round "4"]
[White "Freytag, Justin"]
[Black "Goldsmith, Alan D"]
[Result "0-1"]
[WhiteElo "1995"]
[BlackElo "1971"]
[PlyCount "61"]
[EventDate "1993.??.??"]
[EventType "tourn"]
[EventRounds "11"]
[EventCountry "AUS"]

1. Nf3 Nf6 2. c4 e6 3. Nc3 d5 4. d4 c5 5. cxd5 exd5 6. g3 Nc6 7. Bg2 Be7 8. O-O
O-O 9. dxc5 d4 10. Na4 Bf5 11. b3 Ne4 12. Bb2 Bf6 13. Rc1 Qd7 14. Re1 Rad8 15.
a3 Rfe8 16. b4 Bh3 17. b5 Bxg2 18. Kxg2 Ne7 19. c6 bxc6 20. bxc6 Nxc6 21. Nc5
Nxc5 22. Rxc5 Qb7 23. Qc1 Re6 24. Kg1 h5 25. Ba1 h4 26. Qb1 Qe7 27. Rec1 d3 28.
Bxf6 Qxf6 29. gxh4 Rxe2 30. Kg2 Rb2 31. Rxc6 0-1

[Event "SA Championship"]
[Site "Adelaide"]
[Date "1993.??.??"]
[Round "4"]
[White "Stokes, Brett"]
[Black "Hornung, Michael P"]
[Result "1/2-1/2"]
[WhiteElo "1741"]
[BlackElo "1568"]
[PlyCount "49"]
[EventDate "1993.??.??"]
[EventType "tourn"]
[EventRounds "11"]
[EventCountry "AUS"]

1. e4 c5 2. Bc4 Nc6 3. Nf3 e6 4. d4 cxd4 5. Nxd4 Qb6 6. Nb5 Ne5 7. Be2 a6 8.
Be3 Bc5 9. Bxc5 Qxc5 10. N5c3 b5 11. Nd2 Nf6 12. f4 Ng6 13. g3 Bb7 14. Rf1 Qe3
15. Rf3 Qg1+ 16. Nf1 b4 17. e5 Ng4 18. Qd6 Bxf3 19. O-O-O Bc6 20. Qxb4 Nxh2 21.
Nxh2 Qxh2 22. Bxa6 Qxg3 23. Ne2 Qe3+ 24. Kb1 Rxa6 25. Qb8+ 1/2-1/2

[Event "SA Championship"]
[Site "Adelaide"]
[Date "1993.??.??"]
[Round "4"]
[White "Cowley, Robert G"]
[Black "Speck, Nicholas S"]
[Result "0-1"]
[WhiteElo "2057"]
[BlackElo "2115"]
[PlyCount "122"]
[EventDate "1993.??.??"]
[EventType "tourn"]
[EventRounds "11"]
[EventCountry "AUS"]

1. d4 Nf6 2. c4 g6 3. Nc3 Bg7 4. e4 d6 5. f3 O-O 6. Be3 e5 7. Nge2 c6 8. Qd2
Qe7 9. O-O-O Be6 10. d5 cxd5 11. exd5 Bd7 12. Bg5 Rc8 13. Ng3 Qf8 14. h4 h5 15.
Be3 Na6 16. Be2 Nc5 17. Kb1 Nh7 18. Nge4 Nxe4 19. Nxe4 f5 20. Nc3 Nf6 21. g3
Kh7 22. Rdf1 Qd8 23. Bg5 a6 24. g4 Rab8 25. gxh5 gxh5 26. Bd3 Qf8 27. Rhg1 Qf7
28. Bxf6 Bxf6 29. Ne4 Be7 30. Ng5+ Bxg5 31. Rxg5 Rg8 32. Rfg1 Rxg5 33. Rxg5 Rg8
34. Qb4 Rxg5 35. hxg5 Qe7 36. Qxb7 e4 37. fxe4 fxe4 38. Be2 Kg6 39. Qb8 Kxg5
40. Qg8+ Kh4 41. Qg2 Bg4 42. Qf2+ Kg5 43. Qe3+ Kf5 44. Qf2+ Kg6 45. Bxg4 hxg4
46. Qf4 Kh5 47. Kc2 Kh4 48. Kd1 Kh3 49. Ke2 Qg7 50. Qf1+ Kg3 51. Qf2+ Kh3 52.
Qf1+ Kh4 53. Qh1+ Kg3 54. Qg1+ Kf4 55. Qe3+ Kf5 56. Qf2+ Ke5 57. Qg3+ Kf5 58.
Qf2+ Kg6 59. Kf1 Qh6 60. Kg1 Qc1+ 61. Kg2 Qxc4 0-1

[Event "SA Championship"]
[Site "Adelaide"]
[Date "1993.??.??"]
[Round "5"]
[White "Cowley, Robert G"]
[Black "Hornung, Michael P"]
[Result "1/2-1/2"]
[WhiteElo "2057"]
[BlackElo "1568"]
[PlyCount "51"]
[EventDate "1993.??.??"]
[EventType "tourn"]
[EventRounds "11"]
[EventCountry "AUS"]

1. f4 d6 2. e4 g6 3. Nf3 Bg7 4. Bc4 Nf6 5. d3 c6 6. Nc3 d5 7. Bb3 dxe4 8. Ng5
O-O 9. Ncxe4 h6 10. Nxf6+ exf6 11. Nf3 Re8+ 12. Kf2 Qb6+ 13. Kg3 Na6 14. Re1
Bd7 15. Bd2 Nc5 16. Be3 Rxe3 17. Bxf7+ Kxf7 18. Rxe3 Bf8 19. d4 Ne6 20. f5 gxf5
21. Kf2 Re8 22. Rb3 Qc7 23. g3 f4 24. Qd3 fxg3+ 25. hxg3 Bg7 26. Re1 1/2-1/2

[Event "SA Championship"]
[Site "Adelaide"]
[Date "1993.??.??"]
[Round "5"]
[White "Benham, Christopher"]
[Black "Goldsmith, Alan D"]
[Result "0-1"]
[WhiteElo "1703"]
[BlackElo "1971"]
[PlyCount "58"]
[EventDate "1993.??.??"]
[EventType "tourn"]
[EventRounds "11"]
[EventCountry "AUS"]

1. e4 c5 2. Nf3 Nc6 3. Bb5 Nd4 4. Nxd4 cxd4 5. O-O e6 6. d3 Nf6 7. Nd2 h5 8. f4
Ng4 9. Nf3 Bc5 10. f5 a6 11. Ba4 b5 12. Bb3 Qc7 13. fxe6 dxe6 14. Qe2 Bb7 15.
g3 h4 16. Ng5 Ne3 17. Rxf7 Qe5 18. Nxe6 hxg3 19. Bxe3 dxe3 20. Nc7+ Kd8 21.
Ne6+ Kc8 22. Rc7+ Qxc7 23. Nxc7 Kxc7 24. hxg3 Raf8 25. Rf1 Rf2 26. Rxf2 exf2+
27. Kg2 Bc8 28. g4 Rh4 29. c3 Bxg4 0-1

[Event "SA Championship"]
[Site "Adelaide"]
[Date "1993.??.??"]
[Round "6"]
[White "Speck, Nicholas S"]
[Black "Freytag, Justin"]
[Result "1-0"]
[WhiteElo "2115"]
[BlackElo "1995"]
[PlyCount "37"]
[EventDate "1993.??.??"]
[EventType "tourn"]
[EventRounds "11"]
[EventCountry "AUS"]

1. e4 c5 2. Nf3 Nc6 3. d4 cxd4 4. Nxd4 Nf6 5. Nc3 e5 6. Ndb5 d6 7. Bg5 a6 8.
Na3 b5 9. Bxf6 gxf6 10. Nd5 f5 11. Bd3 Be6 12. Qh5 Rg8 13. c3 Rxg2 14. Qf3 Rg4
15. exf5 Bxd5 16. Qxd5 Ne7 17. Qb7 Qc8 18. Qxc8+ Rxc8 19. f6 1-0

[Event "SA Championship"]
[Site "Adelaide"]
[Date "1993.??.??"]
[Round "6"]
[White "Tanti, Joseph G"]
[Black "Hunter, Daniel M"]
[Result "1-0"]
[WhiteElo "1711"]
[BlackElo "1659"]
[PlyCount "71"]
[EventDate "1993.??.??"]
[EventType "tourn"]
[EventRounds "11"]
[EventCountry "AUS"]

1. e4 c5 2. Nf3 Nc6 3. b4 cxb4 4. d4 d5 5. exd5 Qxd5 6. c4 Qe4+ 7. Be2 e5 8.
Nbd2 Qg6 9. O-O exd4 10. Re1 Be6 11. Ne4 Qxe4 12. Ng5 Qf5 13. Bg4 Qa5 14. Nxf7
Kxf7 15. Bxe6+ Ke8 16. Bxg8+ Kd8 17. Bd5 Bc5 18. Qf3 Rf8 19. Bg5+ Kc7 20. Bf4+
Rxf4 21. Qxf4+ Kb6 22. a3 b3 23. Reb1 Qc3 24. Qf3 Na5 25. Qe2 d3 26. Qb2 Qc2
27. Qxg7 Bxf2+ 28. Kh1 d2 29. Qf6+ Kc7 30. Qf7+ Kd6 31. Qf6+ Kd7 32. Qe6+ Kc7
33. Qe7+ Kb6 34. Qb4+ Kc7 35. Qxa5+ b6 36. Qb5 1-0

[Event "SA Championship"]
[Site "Adelaide"]
[Date "1993.??.??"]
[Round "6"]
[White "Hornung, Michael P"]
[Black "Benham, Christopher"]
[Result "1-0"]
[WhiteElo "1568"]
[BlackElo "1703"]
[PlyCount "77"]
[EventDate "1993.??.??"]
[EventType "tourn"]
[EventRounds "11"]
[EventCountry "AUS"]

1. e4 g6 2. d4 Bg7 3. c4 Nc6 4. Nf3 d6 5. Nc3 Bg4 6. Be3 Bxf3 7. gxf3 e5 8. d5
Nd4 9. Bxd4 exd4 10. Nb5 c6 11. Nxd4 Qa5+ 12. Ke2 Qb4 13. Qb3 Qxb3 14. Nxb3
cxd5 15. cxd5 Bxb2 16. Rb1 Bg7 17. Na5 b6 18. Nc6 Ne7 19. Rc1 Bb2 20. Rc4 Rc8
21. Bh3 Rc7 22. Kd3 Ba3 23. f4 Bc5 24. Nd4 a6 25. Bg2 b5 26. Rc2 Kd8 27. Rhc1
Kc8 28. Nb3 Bb6 29. Rxc7+ Bxc7 30. Na5 Kb8 31. Nc6+ Nxc6 32. Rxc6 Kb7 33. e5
Rd8 34. e6 Bb6 35. Rxd6 Kc7 36. Rc6+ Kb7 37. d6 fxe6 38. Rc7+ Kb8 39. Rb7+ 1-0

[Event "SA Championship"]
[Site "Adelaide"]
[Date "1993.??.??"]
[Round "6"]
[White "Goldsmith, Alan D"]
[Black "Cowley, Robert G"]
[Result "0-1"]
[WhiteElo "1971"]
[BlackElo "2057"]
[PlyCount "82"]
[EventDate "1993.??.??"]
[EventType "tourn"]
[EventRounds "11"]
[EventCountry "AUS"]

1. d4 d5 2. c4 c6 3. Nc3 Nf6 4. Nf3 e6 5. Bg5 Nbd7 6. Qc2 Qa5 7. cxd5 exd5 8.
Bxf6 Nxf6 9. e3 Bd6 10. Bd3 Bg4 11. Ne5 Bxe5 12. dxe5 Nd7 13. f3 Be6 14. f4 g6
15. O-O Qc5 16. Kh1 Qxe3 17. Rae1 Qc5 18. Qe2 Qe7 19. a3 Nc5 20. Bb1 d4 21. Ne4
Nxe4 22. Bxe4 O-O-O 23. b4 Kb8 24. a4 d3 25. Bxd3 Rd4 26. b5 cxb5 27. Bxb5 Rhd8
28. Rb1 Rd2 29. Qe3 Ba2 30. Rbc1 Qb4 31. Rc3 Qd4 32. Qg3 Bd5 33. Rcf3 Bxf3 34.
Qxf3 Rd1 35. h3 Rxf1+ 36. Qxf1 Qd1 37. Qxd1 Rxd1+ 38. Kh2 Kc7 39. Be8 Kd8 40.
Bxf7 Rd4 41. Kg3 Ke7 0-1

[Event "SA Championship"]
[Site "Adelaide"]
[Date "1993.??.??"]
[Round "7"]
[White "Djelaj, Pasko"]
[Black "Cowley, Robert G"]
[Result "0-1"]
[WhiteElo "1740"]
[BlackElo "2057"]
[PlyCount "82"]
[EventDate "1993.??.??"]
[EventType "tourn"]
[EventRounds "11"]
[EventCountry "AUS"]

1. d4 Nf6 2. Nf3 d5 3. c4 c6 4. cxd5 cxd5 5. Nc3 e6 6. Bg5 Be7 7. e3 Nc6 8. Bd3
Bd7 9. a3 O-O 10. O-O h6 11. Bh4 Nh5 12. Bxe7 Qxe7 13. Rc1 f5 14. g3 Be8 15. b4
a6 16. Be2 Nf6 17. Nd2 e5 18. dxe5 Nxe5 19. Nf3 Rd8 20. Nd4 g6 21. a4 Bf7 22.
b5 a5 23. Nf3 Nc4 24. Nd4 Rfe8 25. Bf3 Ne4 26. Re1 Qb4 27. Na2 Qa3 28. Qb3 Qd6
29. Bg2 Rc8 30. Red1 Qf6 31. Bxe4 dxe4 32. Qb1 Ne5 33. Rxc8 Rxc8 34. Rc1 Qd8
35. Ne2 Rxc1+ 36. Naxc1 Qd1+ 37. Kg2 Nd3 38. Qa1 Qe1 39. h4 Qxf2+ 40. Kh1 Ne1
41. Nf4 Nf3 0-1

[Event "SA Championship"]
[Site "Adelaide"]
[Date "1993.??.??"]
[Round "7"]
[White "Goldsmith, Alan D"]
[Black "Tanti, Joseph G"]
[Result "1-0"]
[WhiteElo "1971"]
[BlackElo "1711"]
[PlyCount "51"]
[EventDate "1993.??.??"]
[EventType "tourn"]
[EventRounds "11"]
[EventCountry "AUS"]

1. e4 e5 2. Nf3 Nc6 3. Bc4 Nf6 4. d4 exd4 5. O-O Bc5 6. c3 Nxe4 7. b4 d5 8.
bxc5 dxc4 9. Re1 Qd5 10. Ng5 Bf5 11. f3 O-O-O 12. fxe4 Qxc5 13. Ba3 Qb6 14. Qf3
Bg6 15. Nxf7 d3+ 16. Kh1 Bxf7 17. Qxf7 d2 18. Nxd2 Rxd2 19. Qxg7 Rhd8 20. e5
Qf2 21. e6 Rxa2 22. Bc5 Qd2 23. e7 Nxe7 24. Qg4+ Kb8 25. Rad1 Rg8 26. Qxg8+ 1-0

[Event "SA Championship"]
[Site "Adelaide"]
[Date "1993.??.??"]
[Round "7"]
[White "Speck, Nicholas S"]
[Black "Hornung, Michael P"]
[Result "1-0"]
[WhiteElo "2115"]
[BlackElo "1568"]
[PlyCount "119"]
[EventDate "1993.??.??"]
[EventType "tourn"]
[EventRounds "11"]
[EventCountry "AUS"]

1. e4 c5 2. Nf3 d6 3. d4 cxd4 4. Nxd4 Nf6 5. Nc3 a6 6. Be3 e6 7. f4 Nc6 8. Qf3
Qc7 9. O-O-O Bd7 10. g4 Nxd4 11. Rxd4 e5 12. Nd5 Qa5 13. Nxf6+ gxf6 14. Rd3
Qe1+ 15. Rd1 Bxg4 16. Qxg4 Qxe3+ 17. Kb1 Qxe4 18. Bg2 h5 19. Qh3 Qb4 20. fxe5
fxe5 21. Rhe1 Qg4 22. Qb3 Qd7 23. Bxb7 Rb8 24. Bc6 Rxb3 25. Bxd7+ Kxd7 26. axb3
Ke6 27. c4 Rg8 28. Re3 f5 29. b4 Rg4 30. Rc3 Rg2 31. b5 axb5 32. cxb5 Rg4 33.
Rb3 d5 34. b6 Rb4 35. Rxb4 Bxb4 36. b7 Bd6 37. Rc1 Kd7 38. Rc5 Bc7 39. Rxd5+
Kc6 40. Rd8 Kxb7 41. Rf8 f4 42. Kc2 Kc6 43. Kd3 Kd5 44. Rf5 h4 45. Rh5 Bd8 46.
b4 Be7 47. b5 Bc5 48. h3 Bd4 49. Rf5 Bc5 50. Ke2 Ke6 51. Rh5 Kd5 52. Rh6 e4 53.
b6 f3+ 54. Kf1 Bd6 55. b7 Bg3 56. Rg6 Bf4 57. Rg8 e3 58. b8=Q e2+ 59. Ke1 Bxb8
60. Rxb8 1-0

[Event "SA Championship"]
[Site "Adelaide"]
[Date "1993.??.??"]
[Round "8"]
[White "Hunter, Daniel M"]
[Black "Speck, Nicholas S"]
[Result "0-1"]
[WhiteElo "1659"]
[BlackElo "2115"]
[PlyCount "42"]
[EventDate "1993.??.??"]
[EventType "tourn"]
[EventRounds "11"]
[EventCountry "AUS"]

1. f4 Nf6 2. Nf3 g6 3. b3 Bg7 4. Bb2 O-O 5. c4 d6 6. Qc2 Nc6 7. a3 Re8 8. e4 e5
9. f5 gxf5 10. exf5 Nd4 11. Nxd4 exd4+ 12. Be2 Qe7 13. d3 Ng4 14. Rf1 Ne3 15.
Qd2 Bh6 16. Rf2 Ng4 17. Qc2 Nxf2 18. Bxd4 Qxe2+ 19. Qxe2 Nxd3+ 20. Kd1 Rxe2 21.
Kxe2 Nc1+ 0-1

[Event "SA Championship"]
[Site "Adelaide"]
[Date "1993.??.??"]
[Round "8"]
[White "Hornung, Michael P"]
[Black "Goldsmith, Alan D"]
[Result "0-1"]
[WhiteElo "1568"]
[BlackElo "1971"]
[PlyCount "66"]
[EventDate "1993.??.??"]
[EventType "tourn"]
[EventRounds "11"]
[EventCountry "AUS"]

1. e4 c5 2. Nf3 Nc6 3. d4 cxd4 4. Nxd4 e5 5. Nb5 a6 6. Nd6+ Bxd6 7. Qxd6 Qf6 8.
Qxf6 Nxf6 9. f3 d5 10. exd5 Nxd5 11. Bc4 Ndb4 12. Na3 Bf5 13. c3 Nd3+ 14. Bxd3
Bxd3 15. Be3 O-O 16. Bb6 f5 17. O-O-O e4 18. Nc2 Rac8 19. Ne1 Nb4 20. a3 Nd5
21. Nxd3 Nxb6 22. fxe4 fxe4 23. Ne5 Rf5 24. Rd6 Na4 25. Ng4 h5 26. Ne3 Rf2 27.
Rd2 Nxb2 28. Rxb2 Rxc3+ 29. Rc2 Rcxc2+ 30. Nxc2 Rxg2 31. Kd1 Kf7 32. Ne3 Rb2
33. Nc2 Rb1+ 0-1

[Event "SA Championship"]
[Site "Adelaide"]
[Date "1993.??.??"]
[Round "8"]
[White "Stokes, Brett"]
[Black "Freytag, Justin"]
[Result "0-1"]
[WhiteElo "1741"]
[BlackElo "1995"]
[PlyCount "90"]
[EventDate "1993.??.??"]
[EventType "tourn"]
[EventRounds "11"]
[EventCountry "AUS"]

1. e4 e5 2. Nf3 Nc6 3. Bb5 a6 4. Ba4 Nf6 5. O-O Be7 6. Re1 b5 7. Bb3 d6 8. c3
O-O 9. h3 Nb8 10. d3 Nbd7 11. Nbd2 Nc5 12. Bc2 Ne6 13. Nf1 c5 14. g3 Bb7 15.
Ne3 Re8 16. Nf5 Bf8 17. Nh2 d5 18. Ng4 dxe4 19. Nxf6+ Qxf6 20. dxe4 Rad8 21.
Qg4 Kh8 22. a4 g6 23. Nh4 c4 24. axb5 axb5 25. Ra5 b4 26. Nf3 h5 27. Bg5 Nxg5
28. Qxg5 Qxf3 29. Re3 Rd1+ 30. Bxd1 Qxd1+ 31. Kg2 Bg7 32. Rb5 Bc8 33. g4 bxc3
34. Rxc3 Be6 35. gxh5 Qxh5 36. Qg3 Kh7 37. Rf3 Qh6 38. Rb7 Rd8 39. h4 Rd1 40.
Qg5 Rd4 41. Re3 Qxg5+ 42. hxg5 Bf8 43. f3 Rd2+ 44. Kg3 Bc5 45. Rc3 Bf2+ 0-1

[Event "SA Championship"]
[Site "Adelaide"]
[Date "1993.??.??"]
[Round "8"]
[White "Benham, Christopher"]
[Black "Cowley, Robert G"]
[Result "0-1"]
[WhiteElo "1703"]
[BlackElo "2057"]
[PlyCount "66"]
[EventDate "1993.??.??"]
[EventType "tourn"]
[EventRounds "11"]
[EventCountry "AUS"]

1. e4 c5 2. Nf3 e6 3. c3 Nf6 4. e5 Nd5 5. d4 cxd4 6. cxd4 d6 7. a3 Nc6 8. Bd3
Qc7 9. O-O Bd7 10. Re1 Be7 11. b4 a6 12. Qe2 O-O 13. Qe4 f5 14. exf6 Nxf6 15.
Qh4 e5 16. Bg5 g6 17. Nbd2 Bf5 18. Bc4+ Kh8 19. Rac1 e4 20. Nxe4 Nxe4 21. Rxe4
Bxe4 22. Qxe4 Rae8 23. Qh4 Rxf3 24. gxf3 Bxg5 25. Qxg5 Nxd4 26. Qf6+ Qg7 27.
Qxd6 Nxf3+ 28. Kg2 Nh4+ 29. Kf1 Nf5 30. Qd3 h5 31. Bd5 Rd8 32. Qc4 b5 33. Qc6
Ne7 0-1

[Event "SA Championship"]
[Site "Adelaide"]
[Date "1993.??.??"]
[Round "9"]
[White "Ayris, Tony"]
[Black "Speck, Nicholas S"]
[Result "1/2-1/2"]
[WhiteElo "1883"]
[BlackElo "2115"]
[PlyCount "120"]
[EventDate "1993.??.??"]
[EventType "tourn"]
[EventRounds "11"]
[EventCountry "AUS"]

1. e4 c5 2. Nf3 Nc6 3. d4 cxd4 4. Nxd4 Nf6 5. Nc3 d6 6. Be2 e5 7. Nb3 Be7 8.
O-O O-O 9. Be3 a6 10. Kh1 b5 11. a3 Be6 12. f4 exf4 13. Bxf4 Ne5 14. Nd4 Qd7
15. Nxe6 Qxe6 16. Bg5 Ng6 17. Qd3 h6 18. Bxf6 Bxf6 19. Rab1 Bxc3 20. Qxc3 Rac8
21. Qd3 Rfe8 22. Bf3 Ne5 23. Qd2 Rc5 24. c3 Nxf3 25. gxf3 Rh5 26. Rbc1 Qe5 27.
Rf2 Re6 28. Rg1 d5 29. exd5 Qxd5 30. Qxd5 Rxd5 31. Kg2 Kf8 32. Rc1 Ke7 33. Rcc2
Rg6+ 34. Kf1 Rd1+ 35. Ke2 Rgg1 36. Rd2 Rde1+ 37. Kd3 Kf6 38. Kd4 Ref1 39. Ke3
Rd1 40. Kd4 Rgf1 41. Ke3 Rxf2 42. Rxf2 Ke5 43. Rg2 g5 44. h4 f6 45. hxg5 fxg5
46. Rh2 Rd6 47. Rh5 Kf5 48. Rh1 Re6+ 49. Kf2 Kf4 50. Rd1 h5 51. Rd4+ Kf5 52. a4
bxa4 53. Rxa4 Rb6 54. Ra5+ Rb5 55. Rxa6 Rxb2+ 56. Ke3 h4 57. Ra5+ Kg6 58. f4
gxf4+ 59. Kxf4 h3 60. Kg3 h2 1/2-1/2